|
|
|
|
| LEADER |
00000cam a2200000 i 4500 |
| 001 |
1/34343 |
| 008 |
941103t1992 gr | ||| |||| ||gre|| |
| 035 |
|
|
|a 1997
|c ΔΩΡΕΑ
|l 10039621
|
| 040 |
|
|
|a GR-MyUA
|b gre
|e AACR2
|
| 041 |
0 |
|
|a gre
|
| 082 |
0 |
|
|a 926
|2 (23)
|
| 100 |
1 |
|
|a Βαξεβανάκης, Παναγιώτης.
|
| 245 |
1 |
0 |
|a Πενήντα χρόνια πτήσης /
|c Παναγιώτης Α. Βαξεβανάκης.
|
| 260 |
|
|
|a Πειραιάς :
|b [χ.ο],
|c 1992.
|
| 300 |
|
|
|a 80 σ. ;
|c 24 εκ.
|
| 650 |
|
0 |
|a Air pilots
|x Biography.
|
| 650 |
0 |
0 |
|a Autobiography.
|
| 650 |
0 |
0 |
|a Greek literature.
|
| 650 |
0 |
0 |
|a Aeronautics.
|
| 651 |
|
0 |
|a Greece
|x Air Force
|x History.
|
| 651 |
|
0 |
|a Samos (Greece : Municipality)
|x History.
|
| 852 |
|
|
|a INST
|b SAMOS
|e 19941103
|h 926 ΒΑΞ
|p 005300000213
|q 005300000213
|t BK
|y 0
|
| 909 |
|
|
|a Σ
|b 023778
|